[Event "Titled Tuesday intern op 06th Feb Late"]
[Site "Chess.com INT"]
[Date "2024.02.06"]
[Round "1"]
[White "Manukyan, Sargis A"]
[Black "Vaglio Munoz, Jaime"]
[Result "1-0"]
[WhiteElo "2216"]
[BlackElo "2174"]
[PlyCount "62"]
[EventDate "2024.02.06"]
[EventType "swiss (blitz)"]
[EventRounds "11"]
[EventCountry "USA"]
[SourceTitle "CB07_2024"]
[SourceDate "2024.02.14"]
[SourceVersion "1"]
[SourceVersionDate "2024.02.14"]
[SourceQuality "1"]

1. d4 c6 2. c4 b5 3. cxb5 cxb5 4. e3 Bb7 5. Nf3 a6 6. Be2 e6 7. 0-0 Nf6 8. a4 b4 9. Nbd2 Be7 10. Nb3 0-0 11. Bd2 a5 12. Rc1 d6 13. Ne1 Ne4 14. Bf3 f5 15. Be2 Qb6 16. f3 Nf6 17. Nd3 Nbd7 18. Nf4 e5 19. Ne6 Rfc8 20. Bb5 Bd5 21. Ng5 h6 22. Nh3 Nf8 23. Kh1 Kh7 24. Bd3 e4 25. fxe4 fxe4 26. Be2 Ng6 27. Rxc8 Rxc8 28. Nf4 Nxf4 29. Rxf4 Qc6 30. Nxa5 Qc2 31. Bxb4 Qxb2 1-0

[Event "Titled Tuesday intern op 26th Sep Late"]
[Site "Chess.com INT"]
[Date "2023.09.26"]
[Round "2"]
[White "Chemin, Vitorio"]
[Black "Vaglio Munoz, Jaime"]
[Result "0-1"]
[WhiteElo "2150"]
[BlackElo "2174"]
[PlyCount "112"]
[EventDate "2023.09.26"]
[EventType "swiss (blitz)"]
[EventRounds "11"]
[EventCountry "USA"]
[SourceTitle "EXT 2024"]
[Source "ChessBase"]
[SourceDate "2023.10.10"]
[SourceVersion "1"]
[SourceVersionDate "2023.10.10"]
[SourceQuality "1"]

1. d4 c6 2. c4 b5 3. e4 bxc4 4. Bxc4 d5 5. exd5 cxd5 6. Bb5+ Bd7 7. Qa4 Nf6 8. Nf3 Bxb5 9. Qxb5+ Qd7 10. Nc3 a6 11. Qxd7+ Nbxd7 12. Ne5 e6 13. Nd3 Bd6 14. Bg5 h6 15. Bh4 Rb8 16. 0-0 Ne4 17. Bg3 Bxg3 18. hxg3 Nxc3 19. bxc3 Ke7 20. Rab1 Rhc8 21. Rxb8 Rxb8 22. Rc1 Nb6 23. Ne5 Rc8 24. Rb1 f6 25. Ng6+ Kf7 26. Rxb6 Kxg6 27. Rxe6 Kf5 28. Rxa6 Rxc3 29. f3 Rc4 30. Ra7 g6 31. a4 Rxd4 32. a5 Rd2 33. Rd7 Ke6 34. Rd8 Ra2 35. Ra8 h5 36. Ra6+ Ke5 37. f4+ Ke4 38. Rxf6 d4 39. Re6+ Kd5 40. Re8 d3 41. Rd8+ Ke4 42. Kf1 Ke3 43. Re8+ Kd2 44. Kf2 Rxa5 45. Rd8 Ra2 46. Kf3 Ra1 47. g4 hxg4+ 48. Kxg4 Ke2 49. Kg5 Rg1 50. Kxg6 Rxg2+ 51. Kf6 Rf2 52. f5 Rf3 53. Kg6 Rg3+ 54. Kf7 d2 55. f6 Rd3 56. Re8+ Kf3 0-1

[Event "Titled Tuesday intern op 26th Sep Late"]
[Site "Chess.com INT"]
[Date "2023.09.26"]
[Round "11"]
[White "Vaglio Munoz, Jaime"]
[Black "Feliz Dotel, Dewar Bienvenido"]
[Result "0-1"]
[WhiteElo "2174"]
[BlackElo "2035"]
[PlyCount "96"]
[EventDate "2023.09.26"]
[EventType "swiss (blitz)"]
[EventRounds "11"]
[EventCountry "USA"]
[SourceTitle "EXT 2024"]
[Source "ChessBase"]
[SourceDate "2023.10.10"]
[SourceVersion "1"]
[SourceVersionDate "2023.10.10"]
[SourceQuality "1"]

1. e4 e5 2. f4 exf4 3. d4 d5 4. Bxf4 dxe4 5. Nc3 Nf6 6. Bc4 Bb4 7. Nge2 0-0 8. 0-0 Bg4 9. Qe1 Nc6 10. Bg5 Bxe2 11. Qxe2 Qxd4+ 12. Kh1 Be7 13. Nb5 Qc5 14. Be3 Qb4 15. c3 Qa5 16. b4 Qa4 17. Nxc7 Rac8 18. Bb3 Qa3 19. Bc1 Nd4 20. cxd4 Qxb4 21. Nd5 Nxd5 22. Bxd5 Qxd4 23. Qxe4 Qxa1 24. Bc4 Qc3 25. Qxe7 Qxc4 26. Re1 Qxc1 27. h3 Qc7 28. Qe3 Qb6 29. Qg5 h6 30. Qg3 Rce8 31. Rf1 Qe6 32. Rf4 Qe5 33. Kh2 g5 34. Rf3 Qxg3+ 35. Kxg3 Re4 36. Rb3 b6 37. Kf3 Rfe8 38. Rb5 R4e5 39. Rb4 Re3+ 40. Kf2 Re2+ 41. Kg3 R8e3+ 42. Kh2 Rxa2 43. Rd4 Ree2 44. h4 Rxg2+ 45. Kh3 g4+ 46. Rxg4+ Rxg4 47. Kxg4 Kg7 48. h5 Ra4+ 0-1

[Event "Titled Tuesday intern op 26th Sep Late"]
[Site "Chess.com INT"]
[Date "2023.09.26"]
[Round "8"]
[White "Vaglio Munoz, Jaime"]
[Black "Fiorito, Francisco"]
[Result "0-1"]
[WhiteElo "2174"]
[BlackElo "2339"]
[PlyCount "134"]
[EventDate "2023.09.26"]
[EventType "swiss (blitz)"]
[EventRounds "11"]
[EventCountry "USA"]
[SourceTitle "EXT 2024"]
[Source "ChessBase"]
[SourceDate "2023.10.10"]
[SourceVersion "1"]
[SourceVersionDate "2023.10.10"]
[SourceQuality "1"]

1. Nf3 Nf6 2. c4 b6 3. b3 Bb7 4. Bb2 g6 5. d3 Bg7 6. e4 d6 7. Be2 0-0 8. 0-0 e5 9. b4 a5 10. a3 axb4 11. axb4 Rxa1 12. Bxa1 Nc6 13. Bc3 Nh5 14. b5 Nb8 15. Bd2 Nd7 16. Nc3 Nf4 17. Bxf4 exf4 18. d4 g5 19. h3 h6 20. Bd3 Re8 21. Re1 Qa8 22. Qc2 Nf8 23. Nd5 Ne6 24. e5 dxe5 25. dxe5 Bxd5 26. cxd5 Qxd5 27. Bh7+ Kf8 28. Rd1 Qc5 29. Qf5 Qe7 30. Nh2 Rd8 31. Re1 Nd4 32. Qe4 Qb4 33. Ng4 Qxb5 34. Nf6 Qc6 35. Qxc6 Nxc6 36. Ng4 Nd4 37. Kf1 c5 38. Bd3 b5 39. Rb1 c4 40. Be4 Ke7 41. h4 Rb8 42. hxg5 hxg5 43. g3 b4 44. gxf4 gxf4 45. Bd5 c3 46. Be4 b3 47. Ke1 c2 48. Bxc2 bxc2 49. Rc1 Rb1 50. Kd2 Nb3+ 51. Kxc2 Rxc1+ 52. Kxb3 Rg1 53. f3 Rxg4 54. fxg4 f3 55. Kc3 f2 56. Kd2 f1Q 57. Ke3 Bxe5 58. Ke4 Qf4+ 59. Kd3 Qd4+ 60. Ke2 Qc3 61. g5 Bd4 62. g6 Qe3+ 63. Kd1 Qf2 64. gxf7 Bc3 65. f8Q+ Kxf8 66. Kc1 Qd2+ 67. Kb1 Qb2# 0-1

[Event "Titled Tuesday intern op 26th Sep Late"]
[Site "Chess.com INT"]
[Date "2023.09.26"]
[Round "6"]
[White "Valenzuela Gomez, Fernando Alberto"]
[Black "Vaglio Munoz, Jaime"]
[Result "1-0"]
[WhiteElo "2404"]
[BlackElo "2174"]
[PlyCount "79"]
[EventDate "2023.09.26"]
[EventType "swiss (blitz)"]
[EventRounds "11"]
[EventCountry "USA"]
[SourceTitle "EXT 2024"]
[Source "ChessBase"]
[SourceDate "2023.10.10"]
[SourceVersion "1"]
[SourceVersionDate "2023.10.10"]
[SourceQuality "1"]

1. d4 c6 2. e4 d5 3. e5 c5 4. dxc5 Nc6 5. Nf3 Bg4 6. Bb5 Qc7 7. Qxd5 Bxf3 8. Qxf3 Qxe5+ 9. Be3 Rc8 10. Nc3 Nf6 11. 0-0-0 e6 12. Rhe1 Bxc5 13. Bh6 Qh5 14. Qxh5 Nxh5 15. Be3 Bxe3+ 16. Rxe3 0-0 17. Rd7 a6 18. Be2 Nf4 19. Rxb7 Nxg2 20. Rg3 Nf4 21. Bxa6 Na5 22. Rb4 Rc6 23. Rxf4 Rxa6 24. Ra4 Raa8 25. b4 Nc4 26. Rxa8 Rxa8 27. Rg4 Ne5 28. Re4 Nd7 29. a4 Kf8 30. a5 Ke7 31. Kb2 Rb8 32. Ka3 f6 33. Rc4 Kd6 34. b5 Nc5 35. b6 f5 36. Kb4 Na6+ 37. Kb5 Ra8 38. b7 Rb8 39. Kxa6 e5 40. Ka7 1-0

[Event "Titled Tuesday intern op 19th Sep Late"]
[Site "Chess.com INT"]
[Date "2023.09.19"]
[Round "2"]
[White "Vaglio Munoz, Jaime"]
[Black "Willy, Stephen"]
[Result "0-1"]
[WhiteElo "2174"]
[BlackElo "1994"]
[PlyCount "106"]
[EventDate "2023.09.19"]
[EventType "swiss (blitz)"]
[EventRounds "11"]
[EventCountry "USA"]
[SourceTitle "EXT 2024"]
[Source "ChessBase"]
[SourceDate "2023.10.10"]
[SourceVersion "1"]
[SourceVersionDate "2023.10.10"]
[SourceQuality "1"]

1. Nf3 Nc6 2. a3 e5 3. b4 e4 4. Ng1 Qf6 5. Nc3 d5 6. Bb2 Be6 7. e3 h5 8. Nge2 Nh6 9. h3 0-0-0 10. Qc1 Ne5 11. Nf4 h4 12. Nb5 Kb8 13. d4 Ng6 14. Ne2 Nf5 15. c4 dxc4 16. d5 Ne5 17. Bxe5 Qxe5 18. dxe6 Qxb5 19. Nc3 Qe5 20. Bxc4 fxe6 21. 0-0 Bd6 22. Rd1 Qh2+ 23. Kf1 Ng3+ 24. Ke1 Qg1+ 25. Kd2 Qxf2+ 26. Ne2 Be5+ 27. Kc2 Nxe2 28. Rd2 Nxc1 29. Rxf2 Bxa1 30. Kxc1 Rhf8 31. Re2 Rf1+ 32. Kc2 Rdd1 33. Kb3 c6 34. Bxe6 b5 35. a4 Rb1+ 36. Ka3 Bc3 37. axb5 Rxb4 38. bxc6 Ra1+ 39. Ba2 a5 40. Rc2 Be5 41. c7+ Bxc7 42. g4 Bd6 43. g5 Rc4+ 44. Kb3 Rxc2 45. Kxc2 Rxa2+ 46. Kc3 Rh2 47. Kd4 Rxh3 48. Kxe4 Rg3 49. Kf5 h3 50. g6 h2 51. e4 h1Q 52. e5 Qd5 53. Kf4 Qxe5# 0-1

[Event "Titled Tuesday intern op 12th Sep Late"]
[Site "Chess.com INT"]
[Date "2023.09.12"]
[Round "4"]
[White "Golubev, Mikhail"]
[Black "Vaglio Munoz, Jaime"]
[Result "0-1"]
[WhiteElo "2461"]
[BlackElo "2174"]
[PlyCount "88"]
[EventDate "2023.09.12"]
[EventType "swiss (blitz)"]
[EventRounds "11"]
[EventCountry "USA"]
[SourceTitle "EXT 2024"]
[Source "ChessBase"]
[SourceDate "2023.10.10"]
[SourceVersion "1"]
[SourceVersionDate "2023.10.10"]
[SourceQuality "1"]

1. e4 c5 2. Nf3 Qa5 3. Nc3 a6 4. d4 b5 5. dxc5 e6 6. a3 b4 7. axb4 Qxb4 8. Ra4 Qb7 9. b4 Nc6 10. Ba3 Nf6 11. e5 Ng4 12. Be2 Ngxe5 13. 0-0 Ng6 14. Ne4 Be7 15. Nd6+ Bxd6 16. Qxd6 Nge7 17. Bd3 0-0 18. Qg3 f5 19. Bb2 Ng6 20. h4 Qb8 21. Qg5 Qf4 22. g3 Qxg5 23. hxg5 Bb7 24. c4 e5 25. Nh4 e4 26. Nxg6 hxg6 27. Be2 a5 28. b5 Nb4 29. Be5 Rfe8 30. Bd6 Re6 31. Rd1 e3 32. f4 Be4 33. Be5 Bc2 34. Rxd7 Bxa4 35. Rxg7+ Kf8 36. Rh7 Rd8 37. c6 Nxc6 38. bxc6 Bxc6 39. Rh8+ Ke7 40. Bf6+ Rxf6 41. gxf6+ Kd7 42. Rh7+ Ke6 43. Re7+ Kxf6 44. Rf7+ Kxf7 0-1

[Event "Titled Tuesday intern op 12th Sep Early"]
[Site "Chess.com INT"]
[Date "2023.09.12"]
[Round "4"]
[White "Ivana Maria, Furtado"]
[Black "Vaglio Munoz, Jaime"]
[Result "0-1"]
[WhiteElo "2072"]
[BlackElo "2174"]
[PlyCount "56"]
[EventDate "2023.09.12"]
[EventType "swiss (blitz)"]
[EventRounds "11"]
[EventCountry "USA"]
[SourceTitle "EXT 2024"]
[Source "ChessBase"]
[SourceDate "2023.10.10"]
[SourceVersion "1"]
[SourceVersionDate "2023.10.10"]
[SourceQuality "1"]

1. d4 c6 2. c4 b5 3. cxb5 cxb5 4. e4 Bb7 5. f3 a6 6. Be3 Nf6 7. Bd3 e6 8. Ne2 Be7 9. Nd2 d6 10. 0-0 0-0 11. a4 bxa4 12. Rxa4 Nbd7 13. Nc3 d5 14. e5 Ne8 15. f4 g6 16. Rf3 Nb6 17. Ra1 Nc4 18. Qe2 Nxb2 19. Rb1 Nxd3 20. Rxb7 Nb4 21. Rh3 Ng7 22. g4 Qc8 23. Rxe7 Qxc3 24. f5 exf5 25. gxf5 Nxf5 26. Rd7 Nxe3 27. Rxe3 Qxd4 28. Nf3 Qg4+ 0-1

[Event "Titled Tuesday intern op 12th Sep Early"]
[Site "Chess.com INT"]
[Date "2023.09.12"]
[Round "9"]
[White "Ljukin, Sergei"]
[Black "Vaglio Munoz, Jaime"]
[Result "0-1"]
[WhiteElo "2362"]
[BlackElo "2174"]
[PlyCount "94"]
[EventDate "2023.09.12"]
[EventType "swiss (blitz)"]
[EventRounds "11"]
[EventCountry "USA"]
[SourceTitle "EXT 2024"]
[Source "ChessBase"]
[SourceDate "2023.10.10"]
[SourceVersion "1"]
[SourceVersionDate "2023.10.10"]
[SourceQuality "1"]

1. e4 c5 2. Nf3 Qa5 3. Be2 a6 4. 0-0 b5 5. d4 cxd4 6. Nxd4 Bb7 7. Bf3 Nc6 8. Nb3 Qc7 9. Nc5 Bc8 10. Be3 e6 11. Nd3 d6 12. a4 b4 13. a5 Bb7 14. Bb6 Qd7 15. Qd2 Ne5 16. Nxe5 dxe5 17. Qg5 f6 18. Qg4 Nh6 19. Qh3 Be7 20. Rd1 Qc6 21. Nd2 0-0 22. Nb3 Nf7 23. Rac1 Qa4 24. Qxe6 Rae8 25. Qd7 Bc6 26. Qd3 Bb5 27. Qe3 Bc4 28. Nc5 Qc6 29. Nd7 Ng5 30. Nxf8 Bxf8 31. Be2 Ne6 32. Bxc4 Qxc4 33. Qd3 Qa2 34. Qb3 Qxb3 35. cxb3 h5 36. Rc6 h4 37. h3 Kh7 38. Be3 Kg6 39. Rxa6 Nc5 40. Bxc5 Bxc5 41. Rc6 Bd4 42. a6 Ra8 43. Ra1 Bxb2 44. Ra4 Bd4 45. Rxb4 Kg5 46. Rb7 g6 47. a7 Bxa7 0-1

[Event "Titled Tuesday intern op 12th Sep Late"]
[Site "Chess.com INT"]
[Date "2023.09.12"]
[Round "1"]
[White "Vaglio Munoz, Jaime"]
[Black "Denishev, Marat"]
[Result "1-0"]
[WhiteElo "2174"]
[BlackElo "2172"]
[PlyCount "55"]
[EventDate "2023.09.12"]
[EventType "swiss (blitz)"]
[EventRounds "11"]
[EventCountry "USA"]
[SourceTitle "EXT 2024"]
[Source "ChessBase"]
[SourceDate "2023.10.10"]
[SourceVersion "1"]
[SourceVersionDate "2023.10.10"]
[SourceQuality "1"]

1. c4 Nf6 2. b4 e6 3. a3 d5 4. cxd5 exd5 5. Bb2 Bf5 6. d3 c6 7. Nf3 Bd6 8. g3 0-0 9. Bg2 Nbd7 10. 0-0 Re8 11. Re1 a5 12. Qb3 Qb6 13. Nd4 Bg6 14. bxa5 Qxb3 15. Nxb3 Bxd3 16. Nc3 Bc4 17. Nd2 Ba6 18. e4 d4 19. Na4 Bb5 20. Nb6 Nxb6 21. axb6 Bc5 22. Nb3 Bxb6 23. Bxd4 Ra6 24. Bxb6 Rxb6 25. Nc5 Re5 26. Rec1 g5 27. Rab1 Ne8 28. Nd7 1-0

[Event "Titled Tuesday intern op 12th Sep Early"]
[Site "Chess.com INT"]
[Date "2023.09.12"]
[Round "10"]
[White "Vaglio Munoz, Jaime"]
[Black "Ismayil, Malak"]
[Result "0-1"]
[WhiteElo "2174"]
[BlackElo "2148"]
[PlyCount "154"]
[EventDate "2023.09.12"]
[EventType "swiss (blitz)"]
[EventRounds "11"]
[EventCountry "USA"]
[SourceTitle "EXT 2024"]
[Source "ChessBase"]
[SourceDate "2023.10.10"]
[SourceVersion "1"]
[SourceVersionDate "2023.10.10"]
[SourceQuality "1"]

1. c4 e5 2. a3 Nf6 3. b4 d6 4. Bb2 Be7 5. d4 exd4 6. Qxd4 0-0 7. Nf3 c5 8. Qd3 Nc6 9. b5 Nb8 10. g3 Be6 11. Bg2 d5 12. cxd5 Bxd5 13. Nc3 Be6 14. Qc2 Nbd7 15. 0-0 Qc7 16. a4 Nb6 17. Nd2 Rad8 18. a5 Nbd5 19. Nxd5 Bxd5 20. e4 Be6 21. f4 Ng4 22. Qc3 f6 23. h3 Nh6 24. Nc4 Rd4 25. Ne3 Rfd8 26. Nd5 Bxd5 27. exd5 Qd7 28. b6 a6 29. Qf3 Rb4 30. Bc3 Rb3 31. Qd3 Bd6 32. Qc4 Qb5 33. Qxb5 Rxb5 34. Rfe1 Nf5 35. Kh2 Rb3 36. Rac1 h5 37. Be4 Ne7 38. Kg2 h4 39. Re3 hxg3 40. Rf3 Kf7 41. Kxg3 g5 42. h4 gxf4+ 43. Kh3 f5 44. Bc2 Rxc3 45. Rxc3 Kf6 46. Rf3 Nxd5 47. Rd1 Ne3 48. Rd3 c4 49. Rd4 Ng4 50. Rfxf4 Bxf4 51. Rxd8 Ne3 52. Ba4 c3 53. Rc8 Nd5 54. Rc7 Bxc7 55. bxc7 Nxc7 56. Bb3 Nb5 57. h5 Kg5 58. Kg3 Nd4 59. h6 Kxh6 60. Bd1 c2 61. Bxc2 Nxc2 62. Kf4 Kg6 63. Ke5 Na3 64. Kd6 Nc4+ 65. Kc5 Nxa5 66. Kb4 Nc6+ 67. Kc5 f4 68. Kb6 f3 69. Kxb7 a5 70. Kxc6 a4 71. Kb5 a3 72. Kc4 a2 73. Kd4 a1Q+ 74. Kd3 f2 75. Ke4 f1Q 76. Kd5 Qd3+ 77. Ke6 Qe1# 0-1

[Event "Titled Tuesday intern op 12th Sep Late"]
[Site "Chess.com INT"]
[Date "2023.09.12"]
[Round "10"]
[White "Vaglio Munoz, Jaime"]
[Black "Kaplan, Avi Harrison"]
[Result "0-1"]
[WhiteElo "2174"]
[BlackElo "2112"]
[PlyCount "126"]
[EventDate "2023.09.12"]
[EventType "swiss (blitz)"]
[EventRounds "11"]
[EventCountry "USA"]
[SourceTitle "EXT 2024"]
[Source "ChessBase"]
[SourceDate "2023.10.10"]
[SourceVersion "1"]
[SourceVersionDate "2023.10.10"]
[SourceQuality "1"]

1. c4 e6 2. a3 Nf6 3. b4 d5 4. cxd5 exd5 5. Bb2 a5 6. b5 Nbd7 7. e3 Nb6 8. a4 Be7 9. Nf3 0-0 10. Be2 c6 11. 0-0 cxb5 12. axb5 Bf5 13. Nd4 Bg6 14. d3 a4 15. Ba3 Qd7 16. f4 Rfc8 17. f5 Bxa3 18. Nxa3 Qe7 19. fxg6 Qxe3+ 20. Kh1 Qxd4 21. gxf7+ Kxf7 22. Nc2 Qb2 23. Ne3 Re8 24. Bh5+ g6 25. Ng4 Re6 26. Nxf6 Rxf6 27. Rxf6+ Qxf6 28. Bf3 a3 29. d4 Ra4 30. Bxd5+ Kg7 31. Bxb7 Rxd4 32. Qg1 Ra4 33. Bc6 a2 34. h3 Nc4 35. Bd5 Qc3 36. Bxc4 Qxc4 37. b6 Qb3 38. Qc1 Rb4 39. Qc7+ Kh6 40. Rxa2 Qxa2 41. b7 Qb1+ 42. Kh2 Rxb7 43. Qf4+ g5 44. Qf6+ Qg6 45. Qf8+ Qg7 46. Qd6+ Qg6 47. Qf8+ Rg7 48. g4 Qe6 49. Kg2 Kg6 50. Qa8 h6 51. Qf3 Qf6 52. Qd3+ Kf7 53. Qd7+ Kg8 54. Qe8+ Kh7 55. Qe4+ Qg6 56. Qe2 Rd7 57. Qe3 Qd3 58. Qe6 Qd2+ 59. Kf1 Qd1+ 60. Kf2 Rd2+ 61. Kg3 Qg1+ 62. Kf3 Qf1+ 63. Kg3 Rg2# 0-1

[Event "Titled Tuesday intern op 05th Sep Late"]
[Site "Chess.com INT"]
[Date "2023.09.05"]
[Round "7"]
[White "Brilej, Jaka"]
[Black "Vaglio Munoz, Jaime"]
[Result "0-1"]
[WhiteElo "2306"]
[BlackElo "2174"]
[PlyCount "84"]
[EventDate "2023.09.05"]
[EventType "swiss (blitz)"]
[EventRounds "11"]
[EventCountry "USA"]
[SourceTitle "EXT 2024"]
[Source "ChessBase"]
[SourceDate "2023.10.10"]
[SourceVersion "1"]
[SourceVersionDate "2023.10.10"]
[SourceQuality "1"]

1. e4 c5 2. Nf3 Qa5 3. Nc3 a6 4. d4 b5 5. dxc5 e6 6. Bd2 b4 7. Ne2 Bxc5 8. a3 Qb6 9. Be3 Bxe3 10. fxe3 Qxe3 11. axb4 Qxe4 12. Qd4 Qxd4 13. Nexd4 Bb7 14. Be2 Nf6 15. 0-0 Ke7 16. Rfe1 Nc6 17. Nf5+ exf5 18. Bxa6+ Ne4 19. Bxb7 Rxa1 20. Rxa1 Nxb4 21. c3 Nd3 22. Nd4 g6 23. Ra7 Kf6 24. Bxe4 fxe4 25. Rxd7 Nxb2 26. Kf2 Rc8 27. Nb5 Na4 28. Nd6 Ke6 29. Nxc8 Kxd7 30. Nb6+ Nxb6 31. Ke3 f5 32. g4 Ke6 33. gxf5+ gxf5 34. h4 Ke5 35. h5 f4+ 36. Ke2 Nc4 37. h6 f3+ 38. Kf2 Kf4 39. Kf1 e3 40. Ke1 f2+ 41. Kf1 Nd2+ 42. Ke2 f1Q# 0-1

[Event "Titled Tuesday intern op 05th Sep Late"]
[Site "Chess.com INT"]
[Date "2023.09.05"]
[Round "4"]
[White "Buchenau, Frank"]
[Black "Vaglio Munoz, Jaime"]
[Result "0-1"]
[WhiteElo "2135"]
[BlackElo "2174"]
[PlyCount "98"]
[EventDate "2023.09.05"]
[EventType "swiss (blitz)"]
[EventRounds "11"]
[EventCountry "USA"]
[SourceTitle "EXT 2024"]
[Source "ChessBase"]
[SourceDate "2023.10.10"]
[SourceVersion "1"]
[SourceVersionDate "2023.10.10"]
[SourceQuality "1"]

1. e4 c5 2. Nf3 Qa5 3. c3 Nc6 4. Bd3 d6 5. 0-0 Bg4 6. Be2 Nf6 7. d3 e6 8. h3 Bh5 9. Nbd2 Be7 10. Re1 0-0 11. Nf1 Rfd8 12. Ng3 Bg6 13. Nh4 b5 14. Nxg6 hxg6 15. d4 cxd4 16. cxd4 Nxd4 17. Bf1 Nc6 18. Bd2 Qb6 19. Be3 Qb7 20. a4 a6 21. Qb3 b4 22. a5 d5 23. Bb6 Rdc8 24. e5 Nd7 25. Be3 Ncxe5 26. Rac1 Rxc1 27. Rxc1 Rc8 28. Rxc8+ Qxc8 29. f4 Nc4 30. Qc2 Bc5 31. Bxc5 Qxc5+ 32. Kh2 Nxa5 33. Qa4 Nc6 34. Qxa6 Nf6 35. Qc8+ Kh7 36. Qb7 Nd8 37. Qb8 Qe7 38. Bd3 Ne8 39. Ne2 Qc7 40. Qb5 Nd6 41. Qa6 Nc4 42. b3 Ne3 43. Qa1 Nf5 44. g4 Nd6 45. Qd1 Qc5 46. Qd2 Qf2+ 47. Kh1 Nc6 48. Qd1 Qf3+ 49. Kh2 Nd4 0-1

[Event "Titled Tuesday intern op 05th Sep Late"]
[Site "Chess.com INT"]
[Date "2023.09.05"]
[Round "1"]
[White "Elgersma, Onno"]
[Black "Vaglio Munoz, Jaime"]
[Result "1-0"]
[WhiteElo "2259"]
[BlackElo "2174"]
[PlyCount "71"]
[EventDate "2023.09.05"]
[EventType "swiss (blitz)"]
[EventRounds "11"]
[EventCountry "USA"]
[SourceTitle "EXT 2024"]
[Source "ChessBase"]
[SourceDate "2023.10.10"]
[SourceVersion "1"]
[SourceVersionDate "2023.10.10"]
[SourceQuality "1"]

1. c3 b5 2. d4 Bb7 3. Nf3 Nf6 4. Bf4 e6 5. e3 a6 6. Nbd2 h6 7. Bd3 d6 8. h3 g5 9. Bh2 Nbd7 10. e4 Bg7 11. Qe2 0-0 12. a4 bxa4 13. Rxa4 a5 14. 0-0 e5 15. Rfa1 c5 16. d5 Ne8 17. Nc4 Nb6 18. Rxa5 Nxc4 19. Rxa8 Bxa8 20. Bxc4 f5 21. exf5 Rxf5 22. Nd2 Rf8 23. Ne4 Nf6 24. Nxf6+ Qxf6 25. Bg3 Rb8 26. Ra7 Bb7 27. b4 cxb4 28. cxb4 Qf7 29. Qe4 Qc7 30. Bd3 Qb6 31. Qh7+ Kf8 32. Qf5+ Kg8 33. Qe6+ Kh8 34. Qg6 Kg8 35. Bxe5 dxe5 36. Qxb6 1-0

[Event "Titled Tuesday intern op 05th Sep Early"]
[Site "Chess.com INT"]
[Date "2023.09.05"]
[Round "6"]
[White "Tologontegin, Semetey"]
[Black "Vaglio Munoz, Jaime"]
[Result "1-0"]
[WhiteElo "2368"]
[BlackElo "2174"]
[PlyCount "77"]
[EventDate "2023.09.05"]
[EventType "swiss (blitz)"]
[EventRounds "11"]
[EventCountry "USA"]
[SourceTitle "EXT 2024"]
[Source "ChessBase"]
[SourceDate "2023.10.10"]
[SourceVersion "1"]
[SourceVersionDate "2023.10.10"]
[SourceQuality "1"]

1. Nf3 b5 2. g3 Bb7 3. Bg2 g6 4. 0-0 Bg7 5. Na3 a6 6. c4 b4 7. Nc2 c5 8. d4 cxd4 9. Ncxd4 Nf6 10. Bg5 0-0 11. Qc1 Nc6 12. Bh6 Nxd4 13. Nxd4 Bxg2 14. Kxg2 Qc7 15. Bxg7 Kxg7 16. b3 Qb7+ 17. f3 d5 18. cxd5 Qxd5 19. Nc2 Rac8 20. Rd1 Qe6 21. Rd2 Nd5 22. Qb2+ f6 23. e4 Nc3 24. Nxb4 Nxe4 25. Re2 Qd6 26. Rxe4 a5 27. Rd4 Qe5 28. Nd3 Qe3 29. Re1 Qg5 30. Rxe7+ Kh8 31. Rdd7 Qh6 32. Ne5 Kg8 33. Ng4 Qh5 34. Nxf6+ Rxf6 35. Rg7+ Kh8 36. Rxh7+ Qxh7 37. Qxf6+ Kg8 38. Qe6+ Kf8 39. Rxh7 1-0

[Event "Titled Tuesday intern op 05th Sep Late"]
[Site "Chess.com INT"]
[Date "2023.09.05"]
[Round "5"]
[White "Tulchynskyi, Feliks"]
[Black "Vaglio Munoz, Jaime"]
[Result "1/2-1/2"]
[WhiteElo "2228"]
[BlackElo "2174"]
[PlyCount "92"]
[EventDate "2023.09.05"]
[EventType "swiss (blitz)"]
[EventRounds "11"]
[EventCountry "USA"]
[SourceTitle "EXT 2024"]
[Source "ChessBase"]
[SourceDate "2023.10.10"]
[SourceVersion "1"]
[SourceVersionDate "2023.10.10"]
[SourceQuality "1"]

1. Nc3 a6 2. e4 b5 3. d4 Bb7 4. Bd3 b4 5. Nce2 Nf6 6. Ng3 e6 7. c3 a5 8. Nf3 c5 9. 0-0 cxd4 10. cxd4 d6 11. Re1 Nbd7 12. a3 Be7 13. axb4 axb4 14. Rxa8 Qxa8 15. Bd2 d5 16. e5 Ne4 17. Bxe4 dxe4 18. Ng5 Bxg5 19. Bxg5 0-0 20. Be7 Rb8 21. Bd6 Rc8 22. Bxb4 g6 23. Qe2 Qa2 24. Qb5 Bc6 25. Qe2 Rb8 26. Bc3 Nb6 27. Nxe4 Bxe4 28. Qxe4 Nd5 29. h4 h5 30. Qf3 Qc4 31. Ra1 Rc8 32. Ra7 Rc7 33. Rxc7 Qxc7 34. Qd3 Qa7 35. Qb5 Qa1+ 36. Kh2 Qc1 37. g3 Qc2 38. Kg1 Qb1+ 39. Qf1 Qc2 40. Qe1 Kh7 41. Qd2 Qb1+ 42. Kh2 Qf5 43. Kg2 Qe4+ 44. Kh2 Qf5 45. Kg2 Qe4+ 46. Kh2 Qf5 1/2-1/2

[Event "Titled Tuesday intern op 05th Sep Early"]
[Site "Chess.com INT"]
[Date "2023.09.05"]
[Round "9"]
[White "Vaglio Munoz, Jaime"]
[Black "Floresvillar Gonzalez, Luis Miguel"]
[Result "1-0"]
[WhiteElo "2174"]
[BlackElo "2019"]
[PlyCount "95"]
[EventDate "2023.09.05"]
[EventType "swiss (blitz)"]
[EventRounds "11"]
[EventCountry "USA"]
[SourceTitle "EXT 2024"]
[Source "ChessBase"]
[SourceDate "2023.10.10"]
[SourceVersion "1"]
[SourceVersionDate "2023.10.10"]
[SourceQuality "1"]

1. e4 c6 2. Nc3 d5 3. Qf3 dxe4 4. Nxe4 Nd7 5. Bc4 Ngf6 6. Qb3 Ne5 7. Nxf6+ exf6 8. Be2 Bd6 9. d4 Ng6 10. g3 0-0 11. Be3 b5 12. Bf3 Be6 13. Qd3 Bd5 14. h4 b4 15. Kf1 h6 16. h5 Ne7 17. Kg2 Qd7 18. c4 Bxf3+ 19. Nxf3 Nf5 20. Rad1 Nxe3+ 21. fxe3 Rfe8 22. e4 Qg4 23. Nd2 Rad8 24. Qf3 Qxf3+ 25. Kxf3 a5 26. c5 Bf8 27. Nc4 a4 28. b3 axb3 29. axb3 Ra8 30. Ra1 g6 31. Nb6 Ra3 32. Rxa3 bxa3 33. Ra1 Rd8 34. Ke3 f5 35. e5 f6 36. exf6 Re8+ 37. Kd3 gxh5 38. Rxa3 Kf7 39. Ra7+ Kxf6 40. Rc7 Kg5 41. Rxc6 Re1 42. Nd5 Rd1+ 43. Kc4 Bg7 44. Nf4 Rxd4+ 45. Kb5 Bf6 46. Rc8 Rd7 47. c6 Rg7 48. Ne6+ 1-0

[Event "Titled Tuesday intern op 05th Sep Late"]
[Site "Chess.com INT"]
[Date "2023.09.05"]
[Round "2"]
[White "Vaglio Munoz, Jaime"]
[Black "Gutierrez Olivares, Daniel"]
[Result "1-0"]
[WhiteElo "2174"]
[BlackElo "2354"]
[PlyCount "95"]
[EventDate "2023.09.05"]
[EventType "swiss (blitz)"]
[EventRounds "11"]
[EventCountry "USA"]
[SourceTitle "EXT 2024"]
[Source "ChessBase"]
[SourceDate "2023.10.10"]
[SourceVersion "1"]
[SourceVersionDate "2023.10.10"]
[SourceQuality "1"]

1. Nf3 Nf6 2. b4 e6 3. a3 g6 4. Bb2 Bg7 5. g3 0-0 6. Bg2 d5 7. 0-0 a5 8. b5 Nbd7 9. d3 Nb6 10. a4 c6 11. bxc6 bxc6 12. Ne5 Qc7 13. Ra2 Ne8 14. f4 f6 15. Nf3 Nd6 16. Nbd2 Nf5 17. Rf2 Ne3 18. Qc1 Nxg2 19. Kxg2 c5 20. c4 Bb7 21. e4 Rad8 22. cxd5 exd5 23. e5 d4 24. exf6 Bxf6 25. Ba3 Rc8 26. Kg1 Nxa4 27. Qc4+ Kh8 28. Qxa4 Bd5 29. Nc4 Rb8 30. Rab2 Rbe8 31. Qxa5 Qc6 32. Nfe5 Qe6 33. Qxc5 Bxc4 34. Qxc4 Qf5 35. Bxf8 Rxf8 36. Qd5 Qh5 37. Rbe2 Qh3 38. Qd6 Rc8 39. Qxf6+ Kg8 40. Qf7+ Kh8 41. Rf1 Qh5 42. Qf6+ Kg8 43. Qe6+ Kg7 44. Ng4 Rf8 45. Qe5+ Kg8 46. Qxh5 gxh5 47. Ne5 Re8 48. Kf2 1-0